| 000 | 00500nam a22001577a 4500 | ||
|---|---|---|---|
| 999 |
_c17645 _d17645 |
||
| 008 | 190405b xxu||||| |||| 00| 0 eng d | ||
| 020 | _a9966364579 | ||
| 050 |
_aBF721 _b.M86 2009 c.1 |
||
| 100 | _aMumbi, Lucy | ||
| 245 |
_aChild Growth and Development III (Pre-adolescence and Adolescence) _cLucy Mumbi |
||
| 260 |
_aNairobi, Kenya _bSasa Sema _c2009 |
||
| 300 | _avi, 59 p. | ||
| 650 | _aChild development | ||
| 650 |
_aSocial behavior _xInfancy and childhood |
||
| 942 |
_2lcc _cBK _hBF721 |
||